000 00405nam a2200145Ia 4500
008 100204s9999 xx 000 0 und d
082 _b11439
100 _aकर्निक हेमन
245 _aअहिंसा
260 _b"आशिष प्रकाशन, पुणे"
_c1988
300 _a146
630 _aअहिंसा
730 _aअहिंसा
942 _cBOOK
999 _c455875
_d455872